000 00399nam a22001577a 4500
999 _c7688
_d7688
003 GBCCL
005 20241126110634.0
008 180911b ||||| |||| 00| 0 eng d
040 _cgbc
082 _aVER 246.75
_bNEN
100 _aNengson, PK
_913531
245 _aP.K. Nengsong lavui/
_ccompiled and edited by K Songkhotuan
260 _c1992
_aLamka:
_bAuthor
300 _a71p. ;
942 _2ddc
_cBK